The next best thing (Registro nro. 240375)

Detalles MARC
000 -ENCABEZADO
Número de control [NR] 01740 a2200289 4500
005 - FECHA Y HORA DE LA ÚLTIMA TRANSACCIÓN
control field 20140904084138.0
008 - DE LONGITUD FIJA DE DATOS DE ELEMENTOS - INFORMACIÓN GENERAL
Elementos de longitud fija [NR] 140322s2000 xxu g 0 m mul d
040 ## - FUENTE DE CATALOGACION [NR]
Agencia de catalogación original [NR] CO-BoUCM
Idioma de catalogación [NR] spa
Quien Cataloga Jose A. Gerena (modificó)
Quien Clasifica Aldemar Mondragón
041 ## - CODIGO DE IDIOMA [R]
Código de idioma para texto/pista de sonido o título separado [R] Inglés
041 ## - CODIGO DE IDIOMA [R]
Código de idioma para texto/pista de sonido o título separado [R] Francés
092 ## - SIGNATURA TOPOGRAFICA LOCAL
Número de clasificación local DVD 1357
245 00 - MENCION DE TITULO [NR]
Título [NR] The next best thing
Mención de responsabilidad, etc. [NR] John Schlesinger, director
Medio físico [NR] [DVD]
260 ## - PUBLICACION, DISTRIBUCION, ETC. (PIE DE IMPRENTA) [R]
Lugar de publicación, distribución, etc. [R] Hollywood (Los Ángeles, california)
Nombre del editor, distribuidor, etc. [R] Paramount Pictures
Fecha de publicación, distribución, etc. [R] 2000
300 ## - DESCRIPCION FISICA [R]
Extensión [R] 1 DVD, 107 minutos
Otros detalles físicos [NR] imagen, sonido, color
500 ## - NOTA GENERAL [R]
Nota general [NR] SINOPSIS: Una comedia dramática sobre los mejores amigos. Una mujer recta, Abbie, el otro un hombre gay, Robert que deciden tener un hijo juntos. Cinco años más tarde, Abbie se enamora de un hombre recto y quiere alejarse de él junto a su hijo pequeño, y entonces una batalla por la custodia desagradable se produce
508 ## - NOTA DE CREDITOS DE CREACION/PRODUCCION [R]
Nota de créditos de creación/producción [NR] CRÉDITOS: Dirigida por John Schlesinger ; escrita por Tom Ropelewski ; fotografía por Elliot Davis ; diseño de producción por Howard Cummings ; dirección de arte por David Lazan ; ambientación por Jan K. Bergstrom ; vestuario por Ruth Myers ; efectos visuales por Erik Strauss
511 0# - NOTA DE PARTICIPANTE O INTERPRETE [R]
Nota de participante o intérprete [NR] REPARTO: Madonna, Rupert Everett, Benjamin Bratt, Illeana Douglas, Michael Vartan, Josef Sommer, Malcolm Stumpf, Lynn Redgrave, Neil Patrick Harris, Mark Valley
546 ## - NOTA DE IDIOMA [R]
Nota de idioma [NR] Audio en inglés y francés. Subtítulos en inglés
650 #7 - ASIENTO SECUNDARIO DE MATERIA - TERMINO TEMATICO [R]
9 (RLIN) 8906
Término temático o nombre geográfico como elemento de entrada [NR] Amistad en el cine
Subdivisión de forma [R] DVD
650 #7 - ASIENTO SECUNDARIO DE MATERIA - TERMINO TEMATICO [R]
9 (RLIN) 57043
Término temático o nombre geográfico como elemento de entrada [NR] Amor en el cine
Subdivisión de forma [R] DVD
650 #7 - ASIENTO SECUNDARIO DE MATERIA - TERMINO TEMATICO [R]
9 (RLIN) 7903
Término temático o nombre geográfico como elemento de entrada [NR] Películas cinematográficas
Subdivisión de forma [R] DVD
690 ## - ASUNTO AGREGADO LOCAL DE ENTRADA - TÉRMINO TEMÁTICO (OCLC, RLIN)
9 (RLIN) 42805
Acceso temático local Entretenimiento
700 1# - ASIENTO SECUNDARIO - NOMBRE PERSONAL [R]
Nombre personal [NR] Schlesinger, John
Término de relación [R] director
9 (RLIN) 58665
710 2# - ASIENTO SECUNDARIO - NOMBRE CORPORATIVO [R]
Nombre corporativo o de jurisdicción como elemento de entrada [NR] Paramount Pictures
9 (RLIN) 48549
710 2# - ASIENTO SECUNDARIO - NOMBRE CORPORATIVO [R]
Nombre corporativo o de jurisdicción como elemento de entrada [NR] Lakeshore Entertainment
9 (RLIN) 58666
942 ## - ELEMENTOS DE ENTRADA AGREGADOS (KOHA)
Source of classification or shelving scheme LOCAL
Tema principal Entretenimiento
Koha item type Multimedia
Edition 1
Existencias
Suprimido Perdido Sistema de clasificación Dañado No prestable Tipo de ítem específico Ubicación habitual Ubicación actual Localización Fecha de creación Proveedor Forma de adquisición Costo Signatura topográfica Código de barras Última vez visto Ejemplar Costo de reposición Price effective from Tipo de ítem Total préstamos Fecha de último préstamo
    LOCAL     DVD Claustro Claustro Colección digital 22/03/2014   Donación 26000.00 DVD 1357 100141320 10/12/2024 Ej.2   22/03/2014 Multimedia 1 11/04/2014
    LOCAL   Préstamo restringido DVD Procesos Técnicos (no para préstamo) Procesos Técnicos (no para préstamo) Procesos Técnicos 18/02/2014 12 Donación 26000.00 DVD 1357 100141318 09/12/2025 Ej.1 26000.00 18/02/2014 Multimedia